000 00593nam a2200205 a 4500
005 20140311163040.0
008 111110s19uu xx 00 eng d
020 _a9781412975575
050 _aHD 30.5
_b.Al38854 2010
100 _aAltschuld, James
245 _aNeeds assessment :
_banalysis and prioritization /
_cJames Altschuld, Jeffrey White.
260 _aLos Angeles :
_bSage,
_c2010.
300 _a119 p.:
_bill.;
_c24 cm.
521 _aBSBA
650 _aStrategic planning
650 _aNeeds assessment
700 _aWhite, Jeffrey
942 _cBK
_2lcc
_kFOR
999 _c39735
_d39735